000 00406nam a2200181Ia 4500
001 5043
005 20260306145839.0
008 260306t2010||||xx |||||||||||||| ||spa||
041 _aESP
082 _a332.678
_bB12 2010
100 _aBaca Urbina, Gabriel
_eAUT
245 0 _aEvaluación de proyectos
260 _c2010
300 _a
_c
650 _aGEN
654 _aCAN
942 _cLIB
_dJUS
_fJUS
_2ddc
_n
999 _c5043
_d5043